| 000 | 00807nam a2200253Ia 4500 | ||
|---|---|---|---|
| 003 | OSt | ||
| 005 | 20220918170452.0 | ||
| 006 | a|||||r|||| 00| 0 | ||
| 007 | ta | ||
| 008 | 220917b |||||||| |||| 00| 0 eng d | ||
| 020 |
_a9780231147170 (pbk) _c1643.98 |
||
| 024 | _a284,327 | ||
| 037 |
_bG-5025/14-15, 13/03/2015, Manohar Publisher &Distributors _cTextual |
||
| 040 |
_aARTS _cARTS _beng |
||
| 041 |
_2eng _aeng |
||
| 082 | _aQ43:21, P9 | ||
| 100 |
_aSchaefer Kurtis R _929236 |
||
| 245 | 0 | _aCulture of the book in Tibet | |
| 260 |
_aWest Sussax _b Columbia University Press UK _c2014 |
||
| 300 |
_axiv,244p. _ccm. |
||
| 650 | _aRELIGION | ||
| 942 |
_hQ43:21, P9 _cTEXL _2CC |
||
| 999 |
_c134291 _d134291 |
||